1456 1175 1574 1805 1476 1498 1225 1917 1558 1642 1637 1839 1228 1901 1516 1771 1736 1423 1090 1064 1795 1167 1786 1141 1592 1962 1086 1691 1906 1731 1642 1393 1447 1687 1043 1102 1312 1859 1353 1441 1782 1173 1203 1183 1455 1531 1415 1474 1740 1399 1911 1622 1771 1321 1480 1069 1165 1130 1107 1477 1228 1660 1932 1506 1294 1455 1406 1428 1558 1301 1512 1299 1614 1044 1744 1284 1529 1617 1077 1131 1028 1576 1664 1611 1754 1258 1282 1944 1988 1617 1510 1704 1845 1499 1444 1292 1216 1907 1873 BCNSPRNW ULIB Ver.6.0+V

เปลี่ยนเป็นภาษาไทย

Change to English
 แสดงรายละเอียดบรรณานุกรม
  กลับหน้าหลัก

Brief Record : Get Marc (ISO 2709) : E-mail record : QR code < ปิดหน้าต่าง
LEADER : 00000nam 2200000uu 4500
001    13399109578
003     ULIB
008    110405s2545||||th 000 0 tha d
020    9749299086
060  4 WJ378^bส795ต 2545
245 10 ตำราการผ่าตัดหลอดเลือดเพื่อการฟอกเลือด =^bTextbook ofvascular access for hemodialysis /^cบรรณาธิการ; โสภณ จิรสิริธรรม
246 31 Textbook of vascular access for hemodialysis
250    พิมพ์ครั้งที่ 1
260    กรุงเทพฯ :^bสำนักพิมพ์กรุงเทพเวชสาร,^c2545
300    ก-ช, 176 หน้า :^bภาพประกอบ ;^c29 ซม.
500    บรรณานุกรม
650  2 Vascular Surgical Procedures
650  7 หลอดเลือด, ศัลยกรรม
700 0  โสภณ จิรสิริธรรม,^eบรรณาธิการ
945    ^p150^l0^i017214
945    ^p150^l0^i017213
995    ทศพร
999 ^a ใช้งานได้ทุกระบบ
รายการนี้ยังไม่มีแท็ก
คุณยังไม่ได้ล็อกอิน คุณสามารถมีกิจกรรมร่วมกับเว็บไซต์ได้ แต่ต้องล็อกอินก่อน ::
  ล็อกอิน

รายการสื่อสารสนเทศ

ลำดับที่ ประเภท เลขเรียก/บาร์โค้ด สถานที่ สถานะ
- ไม่พบข้อมูล -

รายการใกล้เคียง
    หัวเรื่อง [Vascular Surgical Procedures]
    หัวเรื่อง [หลอดเลือด, ศัลยกรรม]

BibComment


ยังไม่เคยถูกคอมเมนท์

คอมเมนท์ทรัพยากรรายการนี้
  คอมเมนท์: ตำราการผ่าตัดหลอด..


 Copyright 2026. Bcnsprnw @Library